<?xml version="1.0" encoding="UTF-8"?>
<record
    xmlns:xsi="http://www.w3.org/2001/XMLSchema-instance"
    xsi:schemaLocation="http://www.loc.gov/MARC21/slim http://www.loc.gov/standards/marcxml/schema/MARC21slim.xsd"
    xmlns="http://www.loc.gov/MARC21/slim">

  <leader>00386nam a22001337a 4500</leader>
  <datafield tag="020" ind1=" " ind2=" ">
    <subfield code="a">13:978-007-125920-0</subfield>
  </datafield>
  <datafield tag="082" ind1=" " ind2=" ">
    <subfield code="a">910.285</subfield>
    <subfield code="b">CHA</subfield>
  </datafield>
  <datafield tag="100" ind1=" " ind2=" ">
    <subfield code="a">tsungchang,kang.</subfield>
    <subfield code="9">129230</subfield>
  </datafield>
  <datafield tag="245" ind1=" " ind2=" ">
    <subfield code="a">introduction to geographic information systems</subfield>
    <subfield code="c">kang-tsungchang</subfield>
  </datafield>
  <datafield tag="260" ind1=" " ind2=" ">
    <subfield code="a">new york</subfield>
    <subfield code="b">mcGraw-Hill</subfield>
    <subfield code="c">2008</subfield>
  </datafield>
  <datafield tag="300" ind1=" " ind2=" ">
    <subfield code="b">ill:diagrams,map.</subfield>
    <subfield code="c">23cm</subfield>
  </datafield>
  <datafield tag="590" ind1=" " ind2=" ">
    <subfield code="6">..</subfield>
  </datafield>
  <datafield tag="942" ind1=" " ind2=" ">
    <subfield code="2">ddc</subfield>
    <subfield code="c">BK</subfield>
    <subfield code="e">fourth Edition</subfield>
  </datafield>
  <datafield tag="999" ind1=" " ind2=" ">
    <subfield code="c">613921</subfield>
    <subfield code="d">613921</subfield>
  </datafield>
  <datafield tag="952" ind1=" " ind2=" ">
    <subfield code="0">0</subfield>
    <subfield code="1">0</subfield>
    <subfield code="2">ddc</subfield>
    <subfield code="4">0</subfield>
    <subfield code="7">0</subfield>
    <subfield code="a">NIT</subfield>
    <subfield code="b">NIT</subfield>
    <subfield code="d">2025-06-26</subfield>
    <subfield code="l">0</subfield>
    <subfield code="o">910.285 CHA</subfield>
    <subfield code="p">15007</subfield>
    <subfield code="r">2025-06-26</subfield>
    <subfield code="w">2025-06-26</subfield>
    <subfield code="y">BK</subfield>
  </datafield>
</record>
